<?xml version="1.0" encoding="UTF-8"?>
<record
    xmlns:xsi="http://www.w3.org/2001/XMLSchema-instance"
    xsi:schemaLocation="http://www.loc.gov/MARC21/slim http://www.loc.gov/standards/marcxml/schema/MARC21slim.xsd"
    xmlns="http://www.loc.gov/MARC21/slim">

  <leader>01020nam a2200193   4500</leader>
  <controlfield tag="005">20250919113314.0</controlfield>
  <controlfield tag="008">250916b        |||||||| |||| 00| 0 eng d</controlfield>
  <datafield tag="020" ind1=" " ind2=" ">
    <subfield code="a">9788184470314</subfield>
  </datafield>
  <datafield tag="041" ind1=" " ind2=" ">
    <subfield code="a">English to Marathi</subfield>
  </datafield>
  <datafield tag="082" ind1=" " ind2=" ">
    <subfield code="a">491.4</subfield>
    <subfield code="b">SAR</subfield>
  </datafield>
  <datafield tag="100" ind1=" " ind2=" ">
    <subfield code="a">Saraf R. S.</subfield>
    <subfield code="9">213076</subfield>
  </datafield>
  <datafield tag="245" ind1=" " ind2=" ">
    <subfield code="a">Let's Learn Marathi: A Useful Book for Non-Marathi People to Learn Practical Marathi</subfield>
  </datafield>
  <datafield tag="260" ind1=" " ind2=" ">
    <subfield code="a">Pune</subfield>
    <subfield code="b">Nitin Prakashan</subfield>
    <subfield code="c">2024</subfield>
  </datafield>
  <datafield tag="300" ind1=" " ind2=" ">
    <subfield code="a">112</subfield>
  </datafield>
  <datafield tag="365" ind1=" " ind2=" ">
    <subfield code="b">180.00</subfield>
    <subfield code="c">Rs.00</subfield>
  </datafield>
  <datafield tag="520" ind1=" " ind2=" ">
    <subfield code="a">1. Important Points
2. Picture Vocabulary
3. Marathi Alphabets
4. Combinations Consonants+Vowels
5. Clusters
6. Beginner's Vocabulary
7. Listen, Read and Practise
8. Eight Parts of Speech
9. Questions In Marathi
10. Numbers
11. Punctuations
12. Some Useful Ways of Saying Things
13. Some Useful Expressions
14. Vocabulary
15. A Few Marathi Idioms and Phrases
16. Pieces for Comprehension Read and Answer the Questions
17. Additional Questions for Further Practice</subfield>
  </datafield>
  <datafield tag="650" ind1=" " ind2=" ">
    <subfield code="a">English to Marathi</subfield>
    <subfield code="9">213077</subfield>
  </datafield>
  <datafield tag="942" ind1=" " ind2=" ">
    <subfield code="c">BK</subfield>
  </datafield>
  <datafield tag="999" ind1=" " ind2=" ">
    <subfield code="c">367799</subfield>
    <subfield code="d">367799</subfield>
  </datafield>
  <datafield tag="952" ind1=" " ind2=" ">
    <subfield code="0">0</subfield>
    <subfield code="1">0</subfield>
    <subfield code="2">ddc</subfield>
    <subfield code="4">0</subfield>
    <subfield code="7">0</subfield>
    <subfield code="a">SOFT</subfield>
    <subfield code="b">SOFT</subfield>
    <subfield code="d">2025-09-12</subfield>
    <subfield code="e">Pragati Book Centre</subfield>
    <subfield code="g">180.00</subfield>
    <subfield code="i">19775</subfield>
    <subfield code="l">0</subfield>
    <subfield code="o">491.4 SAR</subfield>
    <subfield code="p">SOFT-BK-4587</subfield>
    <subfield code="r">2025-09-16 06:15:26</subfield>
    <subfield code="t">20%</subfield>
    <subfield code="v">225.00</subfield>
    <subfield code="w">2025-09-12</subfield>
    <subfield code="y">BK</subfield>
  </datafield>
  <datafield tag="952" ind1=" " ind2=" ">
    <subfield code="0">0</subfield>
    <subfield code="1">0</subfield>
    <subfield code="2">ddc</subfield>
    <subfield code="4">0</subfield>
    <subfield code="7">0</subfield>
    <subfield code="a">SOFT</subfield>
    <subfield code="b">SOFT</subfield>
    <subfield code="d">2025-09-12</subfield>
    <subfield code="e">Pragati Book Centre</subfield>
    <subfield code="g">180.00</subfield>
    <subfield code="i">19775</subfield>
    <subfield code="l">0</subfield>
    <subfield code="o">491.4 SAR</subfield>
    <subfield code="p">SOFT-BK-4588</subfield>
    <subfield code="r">2025-09-16 06:15:26</subfield>
    <subfield code="t">20%</subfield>
    <subfield code="v">225.00</subfield>
    <subfield code="w">2025-09-12</subfield>
    <subfield code="y">BK</subfield>
  </datafield>
  <datafield tag="952" ind1=" " ind2=" ">
    <subfield code="0">0</subfield>
    <subfield code="1">0</subfield>
    <subfield code="2">ddc</subfield>
    <subfield code="4">0</subfield>
    <subfield code="7">0</subfield>
    <subfield code="a">SOFT</subfield>
    <subfield code="b">SOFT</subfield>
    <subfield code="d">2025-09-12</subfield>
    <subfield code="e">Pragati Book Centre</subfield>
    <subfield code="g">180.00</subfield>
    <subfield code="i">19775</subfield>
    <subfield code="l">0</subfield>
    <subfield code="o">491.4 SAR</subfield>
    <subfield code="p">SOFT-BK-4589</subfield>
    <subfield code="r">2025-09-16 06:15:26</subfield>
    <subfield code="t">20%</subfield>
    <subfield code="v">225.00</subfield>
    <subfield code="w">2025-09-12</subfield>
    <subfield code="y">BK</subfield>
  </datafield>
  <datafield tag="952" ind1=" " ind2=" ">
    <subfield code="0">0</subfield>
    <subfield code="1">0</subfield>
    <subfield code="2">ddc</subfield>
    <subfield code="4">0</subfield>
    <subfield code="7">0</subfield>
    <subfield code="a">SOFT</subfield>
    <subfield code="b">SOFT</subfield>
    <subfield code="d">2025-09-15</subfield>
    <subfield code="e">Pragati Book Centre</subfield>
    <subfield code="g">200.00</subfield>
    <subfield code="i">60480</subfield>
    <subfield code="l">0</subfield>
    <subfield code="o">491.4 SAR</subfield>
    <subfield code="p">SOFT-BK-4619</subfield>
    <subfield code="r">2025-09-17 12:03:41</subfield>
    <subfield code="v">225.00</subfield>
    <subfield code="w">2025-09-12</subfield>
    <subfield code="y">BK</subfield>
  </datafield>
  <datafield tag="952" ind1=" " ind2=" ">
    <subfield code="0">0</subfield>
    <subfield code="1">0</subfield>
    <subfield code="2">ddc</subfield>
    <subfield code="4">0</subfield>
    <subfield code="7">0</subfield>
    <subfield code="a">SOFT</subfield>
    <subfield code="b">SOFT</subfield>
    <subfield code="d">2025-10-15</subfield>
    <subfield code="e">Om Book Stall</subfield>
    <subfield code="g">180.00</subfield>
    <subfield code="i">1091</subfield>
    <subfield code="l">0</subfield>
    <subfield code="o">491.4 SAR</subfield>
    <subfield code="p">SOFT-BK-4661</subfield>
    <subfield code="r">2025-10-15 11:49:17</subfield>
    <subfield code="t">20%</subfield>
    <subfield code="v">225.00</subfield>
    <subfield code="w">2025-10-14</subfield>
    <subfield code="y">BK</subfield>
  </datafield>
  <datafield tag="952" ind1=" " ind2=" ">
    <subfield code="0">0</subfield>
    <subfield code="1">0</subfield>
    <subfield code="2">ddc</subfield>
    <subfield code="4">0</subfield>
    <subfield code="7">0</subfield>
    <subfield code="a">SOFT</subfield>
    <subfield code="b">SOFT</subfield>
    <subfield code="d">2025-10-15</subfield>
    <subfield code="e">Om Book Stall</subfield>
    <subfield code="g">180.00</subfield>
    <subfield code="i">1091</subfield>
    <subfield code="l">0</subfield>
    <subfield code="o">491.4 SAR</subfield>
    <subfield code="p">SOFT-BK-4662</subfield>
    <subfield code="r">2025-10-15 11:49:17</subfield>
    <subfield code="t">20%</subfield>
    <subfield code="v">225.00</subfield>
    <subfield code="w">2025-10-14</subfield>
    <subfield code="y">BK</subfield>
  </datafield>
  <datafield tag="952" ind1=" " ind2=" ">
    <subfield code="0">0</subfield>
    <subfield code="1">0</subfield>
    <subfield code="2">ddc</subfield>
    <subfield code="4">0</subfield>
    <subfield code="7">0</subfield>
    <subfield code="a">SOFT</subfield>
    <subfield code="b">SOFT</subfield>
    <subfield code="d">2025-10-15</subfield>
    <subfield code="e">Om Book Stall</subfield>
    <subfield code="g">180.00</subfield>
    <subfield code="i">1091</subfield>
    <subfield code="l">0</subfield>
    <subfield code="o">491.4 SAR</subfield>
    <subfield code="p">SOFT-BK-4663</subfield>
    <subfield code="r">2025-10-15 11:49:17</subfield>
    <subfield code="t">20%</subfield>
    <subfield code="v">225.00</subfield>
    <subfield code="w">2025-10-14</subfield>
    <subfield code="y">BK</subfield>
  </datafield>
  <datafield tag="952" ind1=" " ind2=" ">
    <subfield code="0">0</subfield>
    <subfield code="1">0</subfield>
    <subfield code="2">ddc</subfield>
    <subfield code="4">0</subfield>
    <subfield code="7">0</subfield>
    <subfield code="a">SOFT</subfield>
    <subfield code="b">SOFT</subfield>
    <subfield code="d">2025-10-15</subfield>
    <subfield code="e">Om Book Stall</subfield>
    <subfield code="g">180.00</subfield>
    <subfield code="i">1091</subfield>
    <subfield code="l">0</subfield>
    <subfield code="o">491.4 SAR</subfield>
    <subfield code="p">SOFT-BK-4664</subfield>
    <subfield code="r">2025-10-15 11:49:17</subfield>
    <subfield code="t">20%</subfield>
    <subfield code="v">225.00</subfield>
    <subfield code="w">2025-10-14</subfield>
    <subfield code="y">BK</subfield>
  </datafield>
  <datafield tag="952" ind1=" " ind2=" ">
    <subfield code="0">0</subfield>
    <subfield code="1">0</subfield>
    <subfield code="2">ddc</subfield>
    <subfield code="4">0</subfield>
    <subfield code="7">0</subfield>
    <subfield code="a">SOFT</subfield>
    <subfield code="b">SOFT</subfield>
    <subfield code="d">2025-10-15</subfield>
    <subfield code="e">Om Book Stall</subfield>
    <subfield code="g">180.00</subfield>
    <subfield code="i">1091</subfield>
    <subfield code="l">0</subfield>
    <subfield code="o">491.4 SAR</subfield>
    <subfield code="p">SOFT-BK-4665</subfield>
    <subfield code="r">2025-10-15 11:49:17</subfield>
    <subfield code="t">20%</subfield>
    <subfield code="v">225.00</subfield>
    <subfield code="w">2025-10-14</subfield>
    <subfield code="y">BK</subfield>
  </datafield>
  <datafield tag="952" ind1=" " ind2=" ">
    <subfield code="0">0</subfield>
    <subfield code="1">0</subfield>
    <subfield code="2">ddc</subfield>
    <subfield code="4">0</subfield>
    <subfield code="7">0</subfield>
    <subfield code="a">SOFT</subfield>
    <subfield code="b">SOFT</subfield>
    <subfield code="d">2025-10-15</subfield>
    <subfield code="e">Om Book Stall</subfield>
    <subfield code="g">180.00</subfield>
    <subfield code="i">1091</subfield>
    <subfield code="l">0</subfield>
    <subfield code="o">491.4 SAR</subfield>
    <subfield code="p">SOFT-BK-4666</subfield>
    <subfield code="r">2025-10-15 11:49:17</subfield>
    <subfield code="t">20%</subfield>
    <subfield code="v">225.00</subfield>
    <subfield code="w">2025-10-14</subfield>
    <subfield code="y">BK</subfield>
  </datafield>
</record>
